The state of the world's forest genetic resources. (Record no. 11425)

000 -LEADER
fixed length control field 00676cam a2200181Ia 4500
020 ## - INTERNATIONAL STANDARD BOOK NUMBER
ISBN 9789251084021
020 ## - INTERNATIONAL STANDARD BOOK NUMBER
ISBN 9251084025
040 ## - CATALOGING SOURCE
Transcribing agency BTCTA
082 ## - DEWEY DECIMAL CLASSIFICATION NUMBER
Classification number 333 COM 2014 A016 Or.
245 04 - TITLE STATEMENT
Title The state of the world's forest genetic resources.
246 30 - VARYING FORM OF TITLE
Title proper/short title Forest genetic resources
260 ## - PUBLICATION, DISTRIBUTION, ETC. (IMPRINT)
Place of publication Rome :
Name of publisher Commission on Genetic Resources for Food and Agriculture, Food and Agriculture Organization of the United Nations,
Year of publication 2014.
300 ## - PHYSICAL DESCRIPTION
Number of Pages xxvi, 276 p. :
Other physical details col. ill., col. maps ;
Dimensions 26 cm.
650 #0 - SUBJECT ADDED ENTRY--TOPICAL TERM
Topical Term Forest germplasm resources conservation.
650 #0 - SUBJECT ADDED ENTRY--TOPICAL TERM
Topical Term Germplasm resources.
710 2# - ADDED ENTRY--CORPORATE NAME
Corporate name or jurisdiction name as entry element Commission on Genetic Resources for Food and Agriculture.
942 ## - ADDED ENTRY ELEMENTS (KOHA)
Koha item type សៀវភៅភាសាអង់គ្លេស
952 ## - LOCATION AND ITEM INFORMATION (KOHA)
Withdrawn status [LOCAL, KOHA] 0
Holdings
Permanent Location Date acquired Koha item type Lost status Shelving location Barcode Current Location Full call number
Library Block A2017-08-02សៀវភៅភាសាអង់គ្លេស A016RUA060132Library Block A333 COM 2014 A016 Or.
មជ្ឈមណ្ឌលឯការនៃសាកលវិទ្យាល័យភូមិន្ទកសិកម្មចំការដូង

Powered by Koha